Osbert Sitwell / (Record no. 17672)
[ view plain ]
| 000 -LEADER | |
|---|---|
| fixed length control field | 00911nam a2200277Ii 4500 |
| 001 - CONTROL NUMBER | |
| control field | 17672 |
| 003 - CONTROL NUMBER IDENTIFIER | |
| rucl marc code | BD-RjUL |
| 005 - DATE AND TIME OF LATEST TRANSACTION | |
| control field | 20211209000157.0 |
| 008 - FIXED-LENGTH DATA ELEMENTS--GENERAL INFORMATION | |
| fixed length control field | 140217s1951 xx 00000 eng |
| 035 ## - SYSTEM CONTROL NUMBER | |
| System control number | (BD-RjUL)17730 |
| 040 ## - CATALOGING SOURCE | |
| Original cataloging agency | DLC |
| Transcribing agency | CCH |
| Modifying agency | m.c. |
| -- | BOS |
| Language of cataloging | eng |
| 041 ## - LANGUAGE CODE | |
| Language code of text/sound track or separate title | eng |
| 082 ## - DEWEY DECIMAL CLASSIFICATION NUMBER | |
| Classification number | 821.9 |
| Author mark and year | FUS 1951 |
| 090 ## - LOCALLY ASSIGNED LC-TYPE CALL NUMBER (OCLC); LOCAL CALL NUMBER (OCLC) | |
| Classification number (OCLC) (R) ; Classification number, CALL (RLIN) (NR) | PR6037.I83 |
| Local cutter number (OCLC) ; Book number/undivided call number, CALL (RLIN) | Z5 F51 |
| 100 10 - MAIN ENTRY--PERSONAL NAME | |
| Personal name | Fulford, Roger, |
| Dates associated with a name | 1902- |
| 9 (RLIN) | 54476 |
| 245 10 - TITLE STATEMENT | |
| Title | Osbert Sitwell / |
| Statement of responsibility, etc. | ROGER FULFORD |
| 260 ## - PUBLICATION, DISTRIBUTION, ETC. (IMPRINT) | |
| Place of publication, distribution, etc. | London : |
| Name of publisher, distributor, etc. | British Council |
| Date of publication, distribution, etc. | 1951 |
| 300 ## - PHYSICAL DESCRIPTION | |
| Pagination | 44 p. : |
| Illustrations | port. ; |
| Size | 22 cm. |
| 490 1# - SERIES STATEMENT | |
| Series statement | Bibliographical series of supplements to British Book News on writers and their work, |
| Volume/sequential designation | [no. 16] |
| 504 ## - BIBLIOGRAPHY, ETC. NOTE | |
| Bibliography, etc | Bibliography: p. 37-40. |
| 600 10 - SUBJECT ADDED ENTRY--PERSONAL NAME | |
| Personal name | Sitwell, Osbert, |
| Dates associated with a name | 1892-1969. |
| 830 #0 - SERIES ADDED ENTRY--UNIFORM TITLE | |
| Volume number/sequential designation | no. 16. |
| Uniform title | Bibliographical series of supplements to British book news on writers and their work, |
| 942 ## - ADDED ENTRY ELEMENTS (KOHA) | |
| Source of classification or shelving scheme | Dewey Decimal Classification |
| Koha item type | Books |
| Lost status | Source of classification or shelving scheme | Damaged status | Not for loan | Collection code | Permanent Location | Current Location | Shelving location | Date acquired | Source of acquisition | Cost, normal purchase price | Total Checkouts | Full call number | Date last seen | Copy number | Koha item type |
|---|---|---|---|---|---|---|---|---|---|---|---|---|---|---|---|
| Dewey Decimal Classification | Not For Loan | Fiction | Central Library, University of Rajshahi | Central Library, University of Rajshahi | Reading Room | 20/10/1955 | MUKARROM | 1.36 | 821.9 FUO 1951 | 17/02/2014 | C-1 | Books |